000 00509nam a2200205Ia 4500
001 44542
005 20240114003634.0
007 ta
008 090228s a g b000 u u
020 _cPB
040 _aCotton College,Assam
082 _a891.443
_bB 223 Is
100 _aBanerjee, B. B .
245 0 _aIssamati /
_cB. B. Benerjee.
_hTextual Documents
300 _a378p. :
_bill ;
_c22 cm. .
653 _aT/G-Assamese
942 _2ddc
_cBK
999 _c44508
_d44508